| 000 | 01180nam0a2200337 4500 | ||
|---|---|---|---|
| 001 | RU\NLR\BIBL_A\011500193 | ||
| 005 | 20241103081616.0 | ||
| 010 |
_a9785835413867 _9300 |
||
| 021 |
_aRU _b2017-70568 _95016 |
||
| 035 | _a(RuMoRGB)009396262 | ||
| 035 | _a(NLR Aleph) 011500193 | ||
| 090 |
_a11993218 _c11993218 |
||
| 100 | _a20171019d2017 k y0rusy50 ca | ||
| 101 | 0 | _arus | |
| 102 | _aRU | ||
| 105 | _aa z 0yzy | ||
| 200 | 1 |
_aВзыскание долгов: от профилактики до принуждения _fМ. Т. Саблин |
|
| 205 | _a4-е изд., испр. и доп. | ||
| 210 |
_aМосква _cКноРус _d2017 |
||
| 215 |
_a494, [1] с. _cил., табл. _d22 |
||
| 320 | _aБиблиогр. в подстроч. примеч. | ||
| 606 |
_aДолги _xВзыскания _yРоссийская Федерация _92218010 _3RU\NLR\AUTH\661332016 |
||
| 686 |
_aХ623.206,07 _2rubbk |
||
| 686 |
_aХ629.217.7,07 _2rubbk |
||
| 686 |
_aХ629.218.94,07 _2rubbk |
||
| 686 | 1 | _aХ629.217.7 | |
| 700 | 1 |
_aСаблин _bМ. Т. _gМаксим Тимурович |
|
| 942 | _cBOOK | ||
| 980 | _aNBR | ||